000 00287nam a2200121Ia 4500
008 190216s9999||||xx |||||||||||||| ||und||
100 _aRamanuj Majumdar
245 0 _aMarketing Research
260 _bNew Age International Publishers
300 _a365
650 _aCommerce
942 _cBK
999 _c7194
_d7194